000
00301 a2200121 4500
000
nam a22 7a 4500
005
20260130122647.0
020
_a
9781835359969
100
_a
Samuel Mccarthy
_9
1112940
245
_a
Health and Counseling Psychology
260
_b
Edtech Press
_c
2026
942
_c
TEXL
999
_c
1678419
_d
1678419